Premier League 100 Club - Statistics

General Stats
  • This quiz has been taken 41 times
  • The average score is 22 of 34
Answer Stats
Goals Answer % Correct
260 Shearer
100%
213 Kane
97%
208 Rooney
97%
184 Aguero
94%
175 Henry
94%
177 Lampard
88%
175 Salah
88%
187 Cole
84%
104 Drogba
84%
120 Gerrard
81%
103 Ronaldo
81%
111 Mane
75%
123 Yorke
75%
144 Van Persie
69%
107 Scholes
66%
126 Son
66%
162 Defoe
63%
109 Giggs
63%
150 Owen
63%
146 Sheringham
63%
142 Vardy
56%
108 Crouch
53%
126 Keane
53%
113 Wright
53%
163 Fowler
50%
125 Anelka
47%
149 Ferdinand
44%
127 Hasselbaink
44%
123 Sterling
44%
111 Dublin
41%
106 Bent
38%
110 Heskey
38%
121 Lukaku
38%
100 Le Tisser
9%
No matching quizzes found
Score Distribution
Percent of People with Each Score
Percentile by Number Answered
Your Score History
You have not taken this quiz